| 000 | 00376nam a2200157Ia 4500 | ||
|---|---|---|---|
| 005 | 20240607010353.0 | ||
| 008 | 240331s9999 xx 000 0 und d | ||
| 020 | _a8188789461 | ||
| 082 |
_bPIN _a371 |
||
| 100 | _aPinter,H | ||
| 245 | 0 | _aArt, Truth and Politics | |
| 260 |
_bThree Essays Collective _c2006 _aNew Delhi |
||
| 300 | _a23 p., | ||
| 650 | _aPolitics | ||
| 942 | _cL | ||
| 999 |
_c5726 _d5726 |
||